000 00554nam a2200181 a 4500
001 000044571
005 20201002045453.0
008 140717s1955 ve ac 001 0 spa d
040 _aDO-SdBNP
_bspa
_cBNPHU
082 _axxxx
_bxxxx
100 1 _aKey-Ayala, S.,
_d1874-1959
_972596
245 1 0 _aVida ejemplar de Simón Bolivar /
_cSantiago Key-Ayala.
260 _aCaracas :
_b[Ediciones EDIME,
_c1955?].
300 _a199 p :
_bil., retrs. ;
_c21 cm.
490 1 _aTextos EDIME
500 _aBolívar, Simón, 1783-1830.
830 0 _aTextos EDIME
_972597
999 _c44060
_d44060